00435 2200169 4500001002100000005001500021035002000036007000300056008004100059082001300100084001900113100001600132245003300148260004000181300002700221650001700248INLIS00000000000192620251009094643 a0010-1025000034ta251009 g 0 ind  a741.5592 a741.5592 CHI p0 aChiaki Yagi1 aPocket Park 3 /cChiaki Yagi aJakarta :bPT Elex Media Komputindo a188 hlm. ;c11 x 17 cm akomik jepang